[Event "Zadar op-A"]
[Site "Zadar"]
[Date "2014.12.17"]
[Round "6"]
[White "Postny, Evgeny"]
[Black "Jovanic, Ognjen"]
[Result "1-0"]
[WhiteElo "2635"]
[BlackElo "2467"]
[Annotator "Postny,E"]
[PlyCount "81"]
[EventDate "2014.12.14"]
[EventType "swiss"]
[EventRounds "9"]
[EventCountry "CRO"]
[SourceTitle "CBM 164"]
[Source "ChessBase"]
[SourceDate "2015.01.15"]
[SourceVersion "1"]
[SourceVersionDate "2015.01.15"]
[SourceQuality "1"]

{The open tournament in Zadar was very successful for me. Scoring 7/9,
undefeated, I got the first place! One of the key games occurred in round five
when I was facing grandmaster Ognjen Jovanic, quite a solid player.} 1. d4 Nf6
2. c4 e6 3. Nf3 Bb4+ 4. Nbd2 {Usually I play 4.Bd2, but in this particular
game decided to give the knight move a try.} O-O 5. a3 Be7 6. e4 d6 {The main
line is, of course, 6...d5. The quiet move 6...d6 is regularly played, among
others, by grandmaster Evgeny Tomashevsky. Black's position seems passive and
he also lost a tempo by moving his bishop twice. White has clear space
superiority, but the knight on d2 is obstructing further development. Also the
move a2-a3 is not necessarily useful. So, it's not easy for White to prove
that he is better.} 7. Bd3 (7. Be2 Nbd7 8. Qc2 c5 9. d5 Ng4 10. b3 Bf6 11. Bb2
Bxb2 12. Qxb2 Qe7 13. O-O e5 14. Ne1 Qh4 15. Ndf3 Qh6 16. Qd2 Qxd2 17. Nxd2 Nh6
$11 {[%cal Gf7f5] 1/2-1/2 (31) Grischuk,A (2795)-Tomashevsky,E (2714) Sochi
2014}) 7... e5 $1 8. O-O {I didn't want to close the centre by 8.d5.} (8. d5 a5
9. b3 Na6 $11 {1-0 (30) Salem,A (2586)-Safarli,E (2628) Sharjah 2014}) ({
Black gets decent compensation for the pawn after} 8. dxe5 dxe5 ({Another
possible: way was} 8... Ng4 9. exd6 Qxd6 10. Be2 Nc6 $44) 9. Nxe5 Re8 $44 {
1/2-1/2 (27) Steingrimsson,H (2557)-Riff,J (2427) La Massana 2013}) 8... exd4
9. Nxd4 Nc6 10. Nc2 $5 $146 {This wasn't a part of any preparation. During the
game I wasn't sure at all that this move backwards would be good. Nevertheless,
I decided to keep more pieces on the board which should favour the side with
space superiority.} (10. Nxc6 bxc6 11. b4 (11. Nb3 Re8 12. Na5 $1 {I like this
manoeuvre.} Bd7 13. Bf4 Bf8 14. Re1 h6 15. h3 $14 {1-0 (34) Nakamura,H (2764)
-Jobava,B (2717) Tashkent 2014}) 11... a5 12. b5 ({I would prefer} 12. Bb2)
12... Nd7 13. a4 Bf6 14. Ra3 Nc5 15. Bc2 Re8 $11 {1/2-1/2 (36) Werle,J (2511)
-Delchev,A (2644) Paleochora 2014}) 10... a5 11. Ne3 {The knight is heading to
d5.} Nd7 {Now a5-a4 followed by Nd7-c5 is a positional threat that I should
prevent.} 12. b3 (12. f4 Nc5 13. Nf3 {was also perfectly playable, but I
didn't want to give up my bishop.}) 12... Nc5 13. Bb1 {Already here I had in
mind the idea of building a battery along the diagonal b1-h7. That's why I
preferred this retreat over 13.Bc2.} Bf6 14. Ra2 Rb8 {[%cal Gb7b5]} 15. Nd5 {
[%csl Gd5]} Be6 (15... b5 $6 16. b4 axb4 17. axb4 Ne6 18. cxb5 Rxb5 19. Ba3 $1
{[%cal Gb1d3] is in White's favour.}) 16. Nf3 b5 17. Qc2 {[%csl Gb1,Gc2][%cal
Gc2h7] That was my idea. Now threatening e4-e5.} Ne5 $6 {I expected this.} (
17... g6 $1 {For a human player it's scary to weaken the dark squares, when
White can take the dark-squared bishop. But, the engine proves that Black is
okay here:} 18. cxb5 (18. Nxf6+ Qxf6 19. Bb2 Qe7 20. Qc3 f6 $15) 18... Rxb5 19.
Bb2 Bxb2 20. Rxb2 Rb7 21. b4 (21. Qc3 Bxd5 22. exd5 Ne7 $11) 21... axb4 22.
axb4 Bxd5 23. bxc5 Rxb2 24. Qxb2 Bc4 25. Rc1 d5 $11) 18. Nxe5 $6 {I have
seriously considered playing 18.b4 immediately, which was the best.} (18. b4 $1
axb4 ({After} 18... Nxf3+ 19. gxf3 {[%cal Ge4e5]} Be5 20. f4 Qh4 {[%cal Gh4g4]}
21. Qd1 {Black won't get enough play for a piece.}) (18... Ncd3 19. Nxe5 Nxe5
20. f4 $36) 19. axb4 Ncd7 (19... Ncd3 20. Nxe5 Nxe5 21. f4 $16) 20. Nxe5 Bxe5
21. Be3 {[%cal Gf2f4] with a promising position for White.}) 18... Bxe5 19. b4
Nd7 20. cxb5 (20. bxa5 $2 bxc4 {is not good for me.}) (20. Be3 g6 21. f4 Bg7
22. f5 Bxd5 23. cxd5 axb4 24. axb4 Ne5 $11 {[%csl Ge5]}) 20... axb4 21. axb4
Rxb5 (21... g6 {was a good prophylactic move.} 22. Be3 Nf6 23. Nxf6+ Qxf6 24.
Ra5 d5 {The position is close to equal, as White's extra pawn has no
significance.}) 22. Qd3 {I was happy with my position here. His rook is
attacked and next move I am going to play f2-f4.} c6 $2 (22... Qb8 $1 {was
very strong. It appeares that even here White is not better!} 23. f4 (23. Ne7+
Kh8 24. Nc6 Qb7 {is fine for Black.}) (23. Be3 Bxd5 24. exd5 g6 $11) (23. Bd2
c5 $1 $132) 23... Bxd5 24. exd5 Bd4+ $1 {That's the trick which is difficult
to spot in advance.} 25. Qxd4 (25. Kh1 Nf6 $1 $15) 25... Rxb4 {[%csl Rb1,Rd4]}
26. Bxh7+ Kxh7 {and Black is, at least, not worse.}) 23. f4 {My queen is
covering the d4-square, so Black's bishop is basically trapped.} f5 $1 {
The best chance.} 24. fxe5 Nxe5 25. Qe2 Rb8 (25... fxe4 $2 26. Rxf8+ Qxf8 27.
Qxe4 $18) 26. Ne3 (26. Nf4 $2 Bc4 27. Qe1 (27. Qf2 fxe4 {and White has
problems on the f-file}) (27. Nd3 Qb6+ 28. Be3 Qb5 $15) 27... Qb6+ 28. Be3 Qxb4
$15) 26... f4 27. Nf5 Bc4 {Black must take the other rook to keep some
counterchances. The rook on a2 obstructs the white bishop.} 28. Qd2 $6 {
I wanted to keep the Pb4 protected, which wasn't necessary.} (28. Qd1 $1 Bxf1
29. Kxf1 Rxb4 30. Ba3 {the bishops are coming out with decisive effect.}) 28...
Bxf1 29. Kxf1 g6 $1 30. Nd4 (30. Nxd6 $2 Rf6 {[%csl Rd6] and the knight is
trapped.}) (30. Qxd6 $2 gxf5 31. Qxe5 Qd1+ 32. Kf2 Qxc1 {and Black is the only
side which can play for a win.}) 30... Qh4 $2 (30... f3 31. Nxf3 Nxf3 32. gxf3
Rxf3+ 33. Kg2 Rf7 34. h3 $1 {This prophylactic move is the best.} Qf6 35. Qe2
Rxb4 36. Bd3 {White is better thanks to the powerful bishops, but Black has
his chances.}) {[%tqu "En","Find the best move for White.","","","a2a3","I was
happy to spot this important move fairly quickly. The rook joins the defence
on the third rank and, at the same time, frees space for the bishops.",10]} 31.
Ra3 $1 $18 {I was happy to spot this important move fairly quickly. The rook
joins the defence on the third rank and, at the same time, frees space for the
bishops.} f3 {Too late, but it's still the only chance.} (31... Qxh2 $4 32. Rh3
$18 {[%csl Rh2]}) 32. Nxf3 Qxh2 33. Ba2+ d5 (33... Kh8 34. Bb2 $18) 34. exd5
Qh1+ (34... Nxf3 35. d6+ $1 ({After} 35. dxc6+ $2 Kh8 36. Rxf3 Rxf3+ 37. gxf3
Qh1+ 38. Ke2 Re8+ 39. Kd3 Rd8+ {White has to part with his queen.}) 35... Kh8
36. Rxf3 Rxf3+ 37. gxf3 Qh1+ 38. Ke2 Re8+ 39. Kd3 {Here the d-file is closed
and the white king escapes.} Qxf3+ 40. Kc2 Qf5+ 41. Kb2 Qf6+ 42. Kb1 $18) 35.
Kf2 Nxf3 36. dxc6+ Kg7 (36... Kh8 37. Rxf3 Qh4+ 38. Kg1 Rxf3 39. Bb2+ Rf6 40.
Qe3 $18) 37. Qh6+ {This wasn't the only winning path, but I thought that
swapping queens in such a sharp position is the most practical decision.} (37.
Ra7+ Kh8 38. Bb2+ Ne5+ 39. Rf7 {was actually easier.}) 37... Qxh6 38. Ra7+ Kh8
39. Bxh6 Nd4+ 40. Kg1 {White's pieces dominate the board.} Nf5 41. Bd2 {
[%cal Gd2c3]} 1-0

[Event "Andorra op 23rd"]
[Site "Andorra"]
[Date "2005.07.13"]
[Round "5"]
[White "Postny, Evgeny"]
[Black "Maze, Sebastien"]
[Result "1-0"]
[WhiteElo "2559"]
[BlackElo "2494"]
[Annotator "Postny,E"]
[PlyCount "63"]
[EventDate "2005.07.09"]
[EventType "swiss"]
[EventRounds "9"]
[EventCountry "AND"]
[SourceTitle "CBM 107 Extra"]
[Source "ChessBase"]
[SourceDate "2005.09.01"]
[SourceVersion "1"]
[SourceVersionDate "2005.09.01"]
[SourceQuality "1"]

1. d4 Nf6 2. c4 e6 3. Nf3 Bb4+ 4. Bd2 c5 5. Bxb4 cxb4 6. g3 O-O 7. Bg2 d6 8.
Nbd2 (8. O-O {is possible of course, but the order of moves that in the text
has it's own point...}) 8... Re8 ({More popular is} 8... Nc6) 9. Nf1 {White
often has problem with this knight in this opening variation. So, it will be
placed on a much better square e3.} Qc7 (9... a5 10. Ne3 b6 11. a3 bxa3 12.
bxa3 Ba6 13. O-O Nbd7 14. Qb3 Rc8 15. Rfc1 Qe7 16. Rc2 Rc7 17. Rac1 Rec8 18.
Nd2 $14 {Portisch,L-Chandler,M/Reykjavik 1991}) 10. Ne3 b6 11. O-O Bb7 12. d5
$1 $146 {This move has serious strategical drawback, since it gives black the
control over c5 square forever. However, white's idea is a concrete one, to
shut the centre and create an initiative on the kingside.} (12. Qd2 a5 13. Rfd1
Nbd7 14. a3 bxa3 15. Rxa3 Nb8 16. b4 Nc6 17. bxa5 Nxa5 18. Qa2 Rec8 19. Nd2
Bxg2 20. Kxg2 Qb7+ 21. f3 Nc6 22. Nb3 b5 $11 {1-0 Kishnev,S-Nikolenko,O/Moscow
1989/EXT 99 (43)}) 12... e5 {Otherwise, white could take on e6 seriously
weakening black's position.} 13. Qd2 {[%csl Rb4]} a5 14. Nf5 {The point behind
the 12.d5.} Nbd7 (14... h6 $2 15. Nxh6+ $1 gxh6 16. Qxh6 Nbd7 (16... Qe7 17.
Ng5 Nbd7 18. Be4 Nf8 19. f4 $18) 17. Ng5 Qd8 18. Be4 Nf8 19. f4 $18) 15. Qg5 g6
16. Bh3 $6 {An interesting idea, but objectively not the best one.} (16. Nd2 {
followed by 17.e4 and 18.f4 is troublesome for black.}) 16... Kh8 $6 {I was
expecting this.} (16... Ne4 $2 17. Qh6 gxf5 18. Bxf5 $18) (16... e4 17. N3d4
Re5 18. f4 (18. Rac1 Qc5 19. Nb3 Qc7 20. Nbd4 Qc5 $11) (18. Nb5 Qxc4 (18... Qc5
$2 19. Nbxd6 Bxd5 20. cxd5 Qxd6 21. Nxd6 Rxg5 22. Nxe4 Nxe4 23. Bxd7 $16) 19.
Nbxd6 Qc7 $1 $15) 18... exf3 19. Nxf3 Rxe2 20. Nh6+ Kg7 21. Bxd7 Qc5+ $1 (21...
Nxd7 $2 22. Nd4 $18 {[%csl Re2,Rf7]}) 22. Kh1 Nxd7 23. Nd4 Qxc4 24. Nxe2 Qxd5+
25. Qxd5 Bxd5+ 26. Kg1 Kxh6 27. Rfd1 $11) ({Another playable alternative would
have been} 16... Qxc4 $5 17. Nxd6 Qxe2 18. Nxe8 Rxe8 {with reasonable
compensation for the sacrificed exchange.}) 17. Nh6 Kg7 (17... Rf8 18. Qh4 $1 {
[%cal Gf3g5]} Rae8 $140 19. Ng5 Kg7 20. Nhxf7 $1 Rxf7 21. Ne6+ Rxe6 22. dxe6 h6
{[%csl Rh4][%cal Gg6g5]} 23. Bg2 $18) 18. Nf5+ ({Now the same idea with Qh4 is
not so good because of} 18. Qh4 $2 e4 19. Ng5 Ne5) 18... Kh8 19. Qh6 Rg8 (19...
gxf5 $2 20. Ng5 Qxc4 21. Bxf5 Qxd5 22. e4 $18) 20. Ng5 Raf8 21. Ne3 Rg7 22. a3
$1 {Trying to open the second front.} b3 {Black has to close the position, but
now white gets c3 square for his rook.} 23. Rac1 {[%csl Gc3]} (23. f4 $2 Qc5 {
[%cal Gc5g1]}) 23... Ng8 24. Qh4 Nc5 25. f4 exf4 (25... f5 $2 26. fxe5 dxe5 27.
Bxf5 $1 gxf5 28. Nxf5 Rd7 29. Nh6 $18) 26. Qxf4 Re8 $6 {Black should not move
his rook from the "f" file.} (26... f5 $1 $13) 27. Rc3 f5 (27... Re7 28. Qd4
Re5 29. Nf3 (29. Rxf7 $2 Rxf7 30. Nxf7+ Qxf7 31. Ng4 Qg7 32. Nxe5 dxe5 $15)
29... Re4 30. Qd2 $16) 28. Bxf5 $1 {This sacrifice is calling for, but the
matters are not so clear even after that...} gxf5 (28... Rf8 $2 29. Qd4 $18)
29. Nxf5 Rxg5 30. Qxg5 ({Does not work} 30. Nxd6 $2 {in view of} Re7) 30... Bc8
$2 {This loses on the spot, but in a non-trivial way.} ({The only reasonable
was:} 30... Ne4 31. Qe3 Re5 $1 $13 {This strong move was missed by both
players.} (31... Nxc3 $2 32. Qxc3+ Re5 33. Nxd6 Qxd6 34. Rf5 $18) (31... Qc5
32. Qxc5 bxc5 (32... dxc5 33. Rxb3 Nd2 34. Rxb6 Nxf1 35. Kxf1 $18) 33. Rxb3 Ba6
34. Rc1 $16)) {[%tqu "En","Find the winning move.","","","c3e3","",15]} 31. Re3
$1 Bxf5 {Anything loses.} (31... Rxe3 {[%tqu "En","Can you spot a forced
mate?","","","f5h6","The main point of 31.Re3! The mate is unavoidable.",10]}
32. Nh6 $3 {[%mdl 128] The main point of 31.Re3! The mate is unavoidable.}) (
31... Ne4 32. Rxe4 $1 Rxe4 33. Nh6 $18) (31... Rf8 32. Re7 $18) 32. Rxe8 (32.
Rxe8 Bg6 33. Rff8 (33. Qf6+ Qg7 34. Rxg8+ Kxg8 35. Qd8+)) 1-0

[Event "EU-chT (Men) 17th"]
[Site "Novi Sad"]
[Date "2009.10.22"]
[Round "1"]
[White "Postny, Evgeny"]
[Black "Drasko, Milan"]
[Result "1-0"]
[WhiteElo "2651"]
[BlackElo "2527"]
[Annotator "Postny,E"]
[PlyCount "87"]
[EventDate "2009.10.22"]
[EventType "team-swiss"]
[EventRounds "9"]
[EventCountry "YUG"]
[SourceTitle "CBM 133"]
[Source "ChessBase"]
[SourceDate "2009.11.19"]
[SourceVersion "1"]
[SourceVersionDate "2009.11.19"]
[SourceQuality "1"]
[WhiteTeam "Israel"]
[BlackTeam "Montenegro"]
[WhiteTeamCountry "ISR"]
[BlackTeamCountry "MNE"]

1. d4 e6 2. c4 Nf6 3. Nf3 Bb4+ 4. Bd2 c5 5. Bxb4 cxb4 6. a3 {Beforehand I've
also played the classic scheme with 6.g3 and 7.Bg2. This time I decided to go
for a different setup.} bxa3 7. Rxa3 {Basically, in this kind of pawn
structure White should strive for complicated play in the middlegame and avoid
exchanges, as in an endgame his pawn majority in the centre would not be a
factor.} (7. Nxa3 {is another option with an idea Na3-c2 followed by b2-b4,
getting more space on the queenside.}) 7... Nc6 (7... d6 8. e3 O-O 9. Be2 b6
10. O-O a5 11. b4 Nc6 12. bxa5 Nxa5 13. Nc3 Ba6 14. Nd2 e5 15. d5 Bc8 16. Qb1
Bd7 17. Ra2 Qc7 18. Rb2 Rfb8 19. Rc1 $14 {1/2-1/2 Beliavsky,A (2640)-Seirawan,
Y (2570)/Montpellier 1985/Candidates (44)}) 8. e3 O-O 9. Nc3 d6 10. Be2 e5 11.
O-O Bf5 (11... Bg4 12. h3 Bh5 {has appeared more often in practice beforehand.
White keeps a slight edge.}) 12. Qd2 (12. Qb3 $5 {I didn't even consider this
"Rybka" suggestion.} b6 (12... exd4 13. Nxd4 Nxd4 14. exd4 Qc7 $14) 13. dxe5
dxe5 14. Rd1 $36) 12... b6 13. Rd1 a5 {This is a standard plan in this line -
Black is trying to take control over the dark squares.} (13... e4 $6 {is what
I was trying to provoke. This is strategically wrong as it gives White a free
hand on the queenside.} 14. Ne1 $16 {[%cal Ge1c2,Gb2b4]}) 14. Qc1 {[%csl Re5]}
Qb8 15. Nb5 (15. Nd5 $6 Nxd5 16. cxd5 Nb4 17. dxe5 dxe5 18. d6 Rd8 {is nothing
for White.}) 15... Rd8 16. h3 $14 h6 17. Rb3 Nd7 $6 ({A prophylactic move} 
17... Bh7 {would have been safer.}) 18. Nh4 $1 Bh7 19. Bg4 Nf6 20. Bf5 g6 21.
Bb1 e4 {[%csl Yh4,Yh7] Now both sides have a piece which has got stuck on the
kingside. However, the white knight will soon get back into the game, which
can't be said about the black bishop. I believe that White is better, though
an engine does not support my estimation.} 22. f4 Nb4 (22... g5 $2 23. fxg5
hxg5 24. Rf1 $18 {[%csl Rf6][%cal Gh4f5]}) 23. Rf1 Re8 {Black should get all
his major pieces out of the corner.} 24. g4 Qd8 25. Ng2 {t I didn't want to
play d4-d5at any point, as it would concede the c5 square to Black's knight.}
Rc8 26. Rc3 Qd7 27. Qd2 d5 28. b3 a4 {Trying to break through the queenside.}
29. Rcc1 $1 Nd3 $1 {A good practical chance.} 30. Bxd3 exd3 31. Qxd3 axb3 (
31... g5 $5 32. f5 h5 33. cxd5 Rxc1 34. Rxc1 hxg4 35. hxg4 axb3 (35... Nxg4 36.
e4 $16) 36. d6 $1 Nxg4 37. e4 b2 38. Rc7 Ra8 $1 39. Rxd7 Ra1+ 40. Ne1 Rxe1+ 41.
Kg2 b1=Q 42. Qxb1 Rxb1 43. Rd8+ Kg7 44. d7 $18) 32. cxd5 h5 33. g5 $2 {Both
sides have started to make typical time-trouble mistakes. White is better, but
the position is quite messy and requires precise calculation.} (33. Rxc8 Rxc8
34. g5 Qxh3 $3 35. gxf6 g5 36. f5 g4 {[%cal Gg4g3]} 37. Nf4 Qg3+ 38. Ng2 Qh3
$11) (33. Qxb3 $1 hxg4 34. hxg4 Nxd5 (34... Nxg4 35. Rxc8 Rxc8 36. e4 $16) (
34... Qxg4 35. Rxc8 Rxc8 36. Nd6 $1 $16 {[%cal Ge3e4]}) 35. Rxc8 Rxc8 36. g5
$16) 33... Rxc1 34. Rxc1 Ne4 $2 {Missing the chance.} (34... b2 $1 35. Rf1 Nxd5
36. e4 Rxe4 $1 37. Qxe4 Qxb5 38. Qc2 Nc3 39. Qxc3 Qxf1+ 40. Kxf1 b1=Q+ 41. Kf2
b5 {The b-pawn gives Black good chances for a draw.}) 35. Nc3 Nxc3 (35... Qc8
$5 {In mutual time-trouble I was concerned about this move, as I didn't see
the following amazing line:} {[%tqu "En","How should White react?","","",
"d3b5","",15]} 36. Qb5 $3 Nxc3 37. Rxc3 Qxc3 38. Qxe8+ Kg7 39. d6 b2 40. Qe5+
Kg8 41. d7 b1=Q+ 42. Kh2 $18 {[%cal Gd7d8] Two queens can't save Black!}) 36.
Rxc3 Qxh3 37. Rxb3 h4 {[%tqu "En","How should White continue?","","","d3d1",
"An important defensive resource. White is just in time to prevent ...Qh3-Qg3
followed by ...h4-h3.",7]} 38. Qd1 $1 $18 {An important defensive resource.
White is just in time to prevent ...Qh3-Qg3 followed by ...h4-h3.} Qf5 (38...
Qg3 $2 39. e4 {[%csl Rg3] and the queen is trapped.}) 39. Nxh4 Qxd5 40. Nf3 b5
41. Kf2 {Now everything is consolidated, the rest is easy.} f6 42. gxf6 g5 43.
Nxg5 Bg6 44. Rb2 1-0